000 00292nam a22001097a 4500
008 160705b xxu||||| |||| 00| 0 eng d
100 _92123
_a Tilak
245 _aPope Rape of the Lock
260 _aMeerut (U.P)
_b Rajhans Prakashan
_c1984
300 _aPope Rape of the Lock
942 _2ddc
_cBK
999 _c1816
_d1816